| 000 | nam a22 4500 | ||
|---|---|---|---|
| 999 |
_c29502 _d29502 |
||
| 008 | 180109b xxu||||| |||| 00| 0 eng d | ||
| 020 | _a9781936763429 | ||
| 050 | _aLB 3013 .C36 2006 | ||
| 100 | _aCanter, Lee | ||
| 245 |
_aLee Canter's classroom management for academic success / _bLee Canter |
||
| 260 |
_aBloomington, IN : _bSolution Tree Press, _c2006. |
||
| 300 |
_axvi, 283p. : _bill. ; _c28 cm. |
||
| 500 | _aIncludes index and bibliographical references. | ||
| 650 | _aClassroom management. | ||
| 650 | _aAcademic achievement. | ||
| 650 | _aSchool discipline. | ||
| 942 |
_2lcc _cBOOKS _hLB 3013 .C36 2006 |
||